"La Barraca" (Record no. 136506)

MARC details
000 -LEADER
campo de control de longitud fija 00711nam a2200217 4500
001 - NÚMERO DE CONTROL
campo de control 136506
003 - IDENTIFICADOR DE NÚMERO DE CONTROL
campo de control ES-MaACL
005 - FECHA Y HORA DE LA ÚLTIMA TRANSACCIÓN
campo de control 20250824224831.0
007 - CAMPO FIJO DE DESCRIPCIÓN FÍSICA--INFORMACIÓN GENERAL
campo de control de longitud fija t|
008 - DATOS DE LONGITUD FIJA--INFORMACIÓN GENERAL
campo de control de longitud fija 070214s1976 sp acf |||| |dspa d
020 ## - NÚMERO INTERNACIONAL ESTÁNDAR DEL LIBRO
Número Internacional Estándar del Libro 84-292-8729-9
080 ## - NÚMERO DE LA CLASIFICACIÓN DECIMAL UNIVERSAL
Número de la Clasificación Decimal Universal 792 La Barraca
100 1# - ENTRADA PRINCIPAL--NOMBRE DE PERSONA
Nombre de persona Sáenz de la Calzada, Luis.
9 (RLIN) 101313
245 11 - MENCIÓN DEL TÍTULO
Título "La Barraca"
Resto del título : teatro universitario /
Mención de responsabilidad, etc. Luis Saénz de la Calzada ; prólogo de Rafael Martínez Nadal.
260 ## - PUBLICACIÓN, DISTRIBUCIÓN, ETC.
Lugar de publicación, distribución, etc. Madrid :
Nombre del editor, distribuidor, etc. Revista de Occidente,
Fecha de publicación, distribución, etc. 1976.
300 ## - DESCRIPCIÓN FÍSICA
Extensión 234 p., 23 lám. ;
Dimensiones 21 cm.
610 24 - PUNTO DE ACCESO ADICIONAL DE MATERIA--NOMBRE DE ENTIDAD CORPORATIVA
Nombre de entidad corporativa o nombre de jurisdicción como elemento de entrada La Barraca (Grupo teatral)
9 (RLIN) 5451
700 1# - ENTRADA AGREGADA--NOMBRE PERSONAL
Nombre de persona Martínez Nadal, Rafael,
Fechas asociadas al nombre 1903-2001
9 (RLIN) 78273
852 ## - LOCALIZACIÓN
Ubicación ES-MaACL
Número de control de estantería A-7402
Holdings
Estatus retirado Estado de pérdida Estado de daño No para préstamo Biblioteca de origen Biblioteca actual Ubicación en estantería Fecha de adquisición Fuente de adquisición Total de préstamos Signatura topográfica completa Código de barras Visto por última vez Precio de reemplazo Tipo de ítem Koha
        Biblioteca del Ateneo de Madrid Biblioteca del Ateneo de Madrid Sala Pecera Planta 1 17/01/2008     A-7402 1142065 23/02/2023 23/02/2023 Libro impreso